000 nam a22 7a 4500
999 _c9184
_d9184
008 180124b ||||| |||| 00| 0 eng d
100 _aCBSE
_95445
245 _aPhysics-IX
260 _aNew Delhi
_bRachna
_c2009